Catalog

Record Details

Catalog Search



Horrible Harry bugs the three bears  Cover Image Book Book

Horrible Harry bugs the three bears / by Suzy Kline ; pictures by Frank Remkiewicz.

Kline, Suzy. (Author). Remkiewicz, Frank. (Added Author).

Summary:

Harry incorporates his fascination with earwigs into Miss Mackle's class project of acting out a fairy tale in front of the other third graders.

Record details

  • ISBN: 9780142412954
  • ISBN: 0142412953
  • Physical Description: 62 pages : illustrations ; 22 cm.
  • Publisher: New York : Puffin Books, 2009.

Content descriptions

General Note:
Originally published in 2008.
Subject: Horrible Harry (Fictitious character).
Earwigs > Fiction.
Fairy tales > Fiction.
Theater > Fiction.
Schools > Fiction.

LDR 01162cam a2200313Ia 4500
001132190
003CONS
00520140703073307.0
008100209r20092008nyua j 000 1 eng d
020 . ‡a9780142412954
020 . ‡a0142412953
035 . ‡a(CPomAG)LMN503543
050 4. ‡aPZ
08204. ‡a[Fic] ‡222
1001 . ‡aKline, Suzy.
24510. ‡aHorrible Harry bugs the three bears / ‡cby Suzy Kline ; pictures by Frank Remkiewicz.
260 . ‡aNew York : ‡bPuffin Books, ‡c2009.
300 . ‡a62 pages : ‡billustrations ; ‡c22 cm.
440 0. ‡aPuffin chapters
500 . ‡aOriginally published in 2008.
520 . ‡aHarry incorporates his fascination with earwigs into Miss Mackle's class project of acting out a fairy tale in front of the other third graders.
650 0. ‡aHorrible Harry (Fictitious character).
650 1. ‡aEarwigs ‡vFiction.
650 1. ‡aFairy tales ‡vFiction.
650 1. ‡aTheater ‡vFiction.
650 1. ‡aSchools ‡vFiction.
7001 . ‡aRemkiewicz, Frank.
959 . ‡i32269000852544 ‡lJF Kli 3-4 ‡aJuvenile - Fiction ‡tJuv Fiction ‡g14.00
852 . ‡p32269000852544 ‡jJF Kli 3-4 ‡gJuvenile - Fiction ‡cJuv Fiction ‡y14.00 ‡bSBPL
901 . ‡a132190 ‡bUnknown ‡c132190 ‡tbiblio

Additional Resources